| 000 | 00628nam a22001817a 4500 | ||
|---|---|---|---|
| 005 | 20251108163331.0 | ||
| 008 | 250721s1982 xx 000 0 ara d | ||
| 082 | 1 | 4 | _a210.43/عز |
| 100 | 1 | _aالتميمي، عز الدين الخطيب | |
| 245 | 1 | 0 | _aالدفاع الإجتماعي في مرآة الإسلام / |
| 264 | 1 |
_aعمان : _bجمعية الدراسات والبحوث الاسلامية، _c1982. |
|
| 300 | _a106ص. | ||
| 490 | 0 | _aسلسلة الدراسات والبحوث الاسلامية | |
| 650 | 1 | 7 | _aالإسلام |
| 650 | 1 | 7 | _aالمشاكل الإجتماعية |
| 942 |
_2ddc _cBK |
||
| 999 |
_c81 _d81 |
||